European Darts Grand Prix Winners - Statistics

General Stats
  • This quiz has been taken 11 times
  • The average score is 9 of 12
Answer Stats
Year Country Winner % Correct
2025 Scotland Gary Anderson
100%
2024 Scotland Gary Anderson
100%
2022 England Luke Humphries
100%
2026 Wales Gerwyn Price
90%
2018 Netherlands Michael van Gerwen
90%
2016 Netherlands Michael van Gerwen
90%
2017 Scotland Peter Wright
80%
2020 Portugal José de Sousa
70%
2015 Belgium Kim Huybrechts
70%
2023 England Rob Cross
60%
2019 England Ian White
30%
2014 England Mervyn King
20%
No matching quizzes found
Score Distribution
Percent of People with Each Score
Percentile by Number Answered
Your Score History
You have not taken this quiz